| 000 | 00515cam a2200193ua 4500 | ||
|---|---|---|---|
| 020 | _c2.00 | ||
| 041 |
_amal _h |
||
| 082 |
_a921 _bDAM/BA |
||
| 100 | _aDamodharan pillai, P . | ||
| 245 |
_aBaconum Spinozayum / _cP.Damodharan pillai. _hTextual Documents |
||
| 260 |
_a : _bMessers Balan publications , _c1963. |
||
| 300 | _a149 ; . | ||
| 365 | _a2.00 | ||
| 440 | 0 |
_aBalan general book series, _v27 _x; |
|
| 490 | 0 |
_aBalan general book series, _v27 _x; |
|
| 504 | _a | ||
| 942 | _cBK | ||
| 999 |
_c763 _d763 |
||